000 01101nam a2200289 i 4500
003 EG-GICUC
005 20260121101537.0
008 251224s1962 ua ||||fr|||| 00| 0 ara d
040 _a EG-GICUC
_bara
_c EG-GICUC
_d EG-GICUC
_erda
041 0 _aara
082 0 4 _221
_a345.3245
_bم ح . ط
092 0 4 _221
099 _aLaw1 07 345.3245م ح . ط 1962
100 0 _aمحمد حامد الجمل
_eمؤلف.
245 1 0 _aطبيعة المشروعات المؤممة /
_cمحمد حامد الجمل.
264 1 _aالقاهرة :
_bدار النهضة العربية,
_c1962.
300 _a183 ؛صفحة
_c24 سم.
336 _2rda content
_atext
337 _2rda media
_aComputer
338 _2rda carrier
_aOnline Resource
504 _aيشتمل على إرجاعات ببليوجرافية.
546 _aالنص أغلبه باللغة العربية مع بعض النصوص الفرنسية
650 1 4 _aطريقة التاميم
_xالقانون الإداري
856 4 0 _uhttps://fll.law.cu.edu.eg/fulltext/bks/B07-00902.pdf
905 _a75
942 _2ddc
_cBK
_e21
_n0
999 _c52440
_d52440